000
00318nam a22001457a 4500
999
_c
10217
_d
10217
003
OSt
005
20210217164704.0
008
210217b ||||| |||| 00| 0 eng d
040
_c
DDC
050
_b
C233F
082
_a
296.43
_b
C233F
100
_a
Cantrell, Ron
245
_a
The feasts of the Lord
942
_2
ddc
_c
BK